Χώρες που Αγγίζουν τη Μεσόγειο - Κουίζ Χάρτη - Statistics

General Stats
  • This quiz has been taken 36 times
  • The average score is 20 of 22
Answers on the Map
Answers color-coded by a green-red scale on the quiz's map according to % correct below.
 
Answer Stats
Answer % Correct
Μονακό
100%
Κύπρος
100%
Ελλάδα
100%
Αλβανία
100%
Ιταλία
97%
Γαλλία
97%
Αίγυπτος
97%
Συρία
97%
Τουρκία
97%
Ισπανία
93%
Τυνησία
93%
Σλοβενία
93%
Μάλτα
93%
Μαρόκο
90%
Λιβύη
90%
Ισραήλ
90%
Λίβανος
90%
Κροατία
86%
Βοσνία και
Ερζεγοβίνη
86%
Μαυροβούνιο
83%
Αλγερία
79%
Παλαιστίνια
Εδάφη
72%
No matching quizzes found
Score Distribution
Percent of People with Each Score
Percentile by Number Answered
Your Score History
You have not taken this quiz